| 000 | 00628nam a2200217Ia 4500 | ||
|---|---|---|---|
| 001 | dia_6709 | ||
| 003 | CHAP | ||
| 005 | 20251029170001.0 | ||
| 008 | 220117s1969 xx 000 0 und d | ||
| 010 | _a178028 | ||
| 040 |
_cCHAP _amxchpua |
||
| 090 | _aF 114 1969 | ||
| 110 |
_aMéxico. Secretaría de Agricultura y Ganadería _977111 |
||
| 245 | _aEl huevo es un excelente alimento | ||
| 260 |
_aMéxico : _b SAG. Departamento de Extensión Agrícola, _c1969 |
||
| 300 | _a[3] p. | ||
| 901 | _aF 114 1969 | ||
| 902 | _aM | ||
| 905 | _a0000001969 MX 0000000000SPA00 | ||
| 942 |
_cFOLL _2local |
||
| 999 |
_c178028 _d178028 |
||